Greatest NBA Rivalries - Statistics

General Stats
  • This quiz has been taken 75 times
  • The average score is 12 of 15
Answer Stats
Team Answer % Correct
Los Angeles Lakers Boston Celtics
94%
San Antonio Spurs Los Angeles Lakers
91%
San Antonio Spurs Miami Heat
91%
New York Knicks Miami Heat
91%
Los Angeles Lakers Detroit Pistons
90%
Chicago Bulls Detroit Pistons
90%
Boston Celtics Detroit Pistons
90%
Cleveland Cavilers Golden State Warriors
87%
Los Angeles Lakers New York Knicks
76%
New York Knicks Chicago Bulls
74%
Boston Celtics Philadelphia 76ers
74%
New York Knicks Indiana Pacers
69%
San Antonio Spurs Phoenix Suns
67%
San Antonio Spurs Oklahoma City Thunder
56%
Boston Celtics Atlanta Hawks
51%
No matching quizzes found
Score Distribution
Percent of People with Each Score
Percentile by Number Answered
Your Score History
You have not taken this quiz